Bibliografie československé statistiky a demografie 1986

Guardado en:
Detalles Bibliográficos
Formato: Libro
Lenguaje:checo
Publicado: Praha Výzkumný ústav sociálně ekonomické informace a automatizace v řízení 1987
Etiquetas: Agregar Etiqueta
Sin Etiquetas, Sea el primero en etiquetar este registro!

MARC

LEADER 00000nam a2200000 4500
001 c024939
005 20250613075147.8
041 0 |a cze 
044 |a CZ 
245 1 0 |a Bibliografie československé statistiky a demografie 1986  |c Jaroslav Podzimek 
264 1 |a Praha  |b Výzkumný ústav sociálně ekonomické informace a automatizace v řízení  |c 1987 
300 |a 158 s.